000 00647nam a2200205 a 4500
005 20140412111353.0
008 050425s19uu xx 00 eng d
020 _a0-02-660864-2
050 _aTR(GS 372.4
_bO1 2000
100 _aO' Brien, Robert
245 _aHank the crank :
_bdecodable book /
_cby Robert O' Brien ; illustrated by Len Epstein.
260 _aColumbus, Ohio :
_bSRA/McGraw-Hill,
_c2000.
300 _a8 p. ; ill.
440 _aSRA Open Court Reading
500 _aLevel B, Set 1, Book 36
650 _aReading
_xPhonetics
_xJuvenile literature
650 _aDucks
_xFiction
650 _aChildren stories
999 _c105356
_d105356